| 000 | 00000nam 2200000zi 4500 |
| 001 | 9.936125 |
| 003 | CaOODSP |
| 005 | 20240726093706 |
| 006 | m o d f |
| 007 | cr mn||||||||| |
| 008 | 240328t20242024onc o f000 0 eng d |
| 020 | |a9780660710662 |
| 040 | |aCaOODSP|beng|erda|cCaOODSP |
| 041 | 0 |aeng|afre |
| 043 | |an-cn--- |
| 045 | |ay2y2 |
| 086 | 1 |aIN4-30/2024E-PDF |
| 245 | 00|aFinal report : |bfinancial institutions survey (FIS) 2023-24 / |cprepared for the Office of the Superintendent of Financial Institutions. |
| 246 | 3 |aFinancial institutions survey (FIS) 2023-24 : |bfinal report |
| 264 | 1|a[Ottawa] : |bOffice of the Superintendent of Financial Institutions Canada = Bureau du surintendant des institutions financières Canada, |c2024. |
| 264 | 4|c©2024 |
| 300 | |a1 online resource (46 pages) + |esummary (3 pages) |
| 336 | |atext|btxt|2rdacontent |
| 337 | |acomputer|bc|2rdamedia |
| 338 | |aonline resource|bcr|2rdacarrier |
| 500 | |aIssued also in French under title: Version définitive du rapport : sondage de 2023-2024 auprès des institutions financières (SIF). |
| 500 | |aTitle from cover. |
| 500 | |a"POR 038-23." |
| 500 | |a"Contract # 59017-23-0006." |
| 500 | |a"March 21, 2024." |
| 500 | |a"Prepared by: The Strategic Counsel." |
| 546 | |aText chiefly in English; includes some text in French. |
| 610 | 20|aOffice of the Superintendent of Financial Institutions Canada|xPublic opinion. |
| 650 | 0|aFinancial institutions|xState supervision|zCanada|xPublic opinion. |
| 650 | 0|aInsurance|xState supervision|zCanada|xPublic opinion. |
| 650 | 0|aPublic opinion|zCanada. |
| 650 | 0|aChief executive officers|zCanada|xAttitudes. |
| 710 | 2 |aOffice of the Superintendent of Financial Institutions Canada, |eissuing body. |
| 710 | 2 |aStrategic Counsel (Firm), |econsultant. |
| 775 | 08|tVersion définitive du rapport : |w(CaOODSP)9.936126 |
| 795 | |tFinancial institutions survey 2020-2021 : |w(CaOODSP)9.902765 |
| 856 | 40|qPDF|s1.66 MB|uhttps://publications.gc.ca/collections/collection_2024/bsif-osfi/IN4-30-2024-eng.pdf|z(final report) |
| 856 | 40|qPDF|s458 KB|uhttps://publications.gc.ca/collections/collection_2024/bsif-osfi/IN4-30-2024-1-eng.pdf|z(executive summary) |
| 856 | 4 |qHTML|sN/A|uhttps://epe.bac-lac.gc.ca/100/200/301/pwgsc-tpsgc/por-ef/office_superintendent_financial/2024/038-23-e/038-23-report.html|z(final report) |
| 856 | 4 |qHTML|sN/A|uhttps://epe.bac-lac.gc.ca/100/200/301/pwgsc-tpsgc/por-ef/office_superintendent_financial/2024/038-23-e/summary/038-23-summary.html|z(executive summary) |
| 856 | 4 |qHTML|sN/A|uhttps://epe.bac-lac.gc.ca/100/200/301/pwgsc-tpsgc/por-ef/office_superintendent_financial/2024/038-23-e/index.html|z(complete dataset) |